000 01170nam a2200193 4500
999 _c13765
_d13765
020 _a9781526628220
082 _aFic M112 2022
100 _aMaas, Sarah J.
245 _aHouse of sky and breath :
_ba crescent city novel /
_cby Sarah J. Maas.
260 _aLondon :
_bBloomsbury Publishing,
_cc2022.
300 _a805 pages ;
_b20 cm.
520 _aBryce Quinlan and Hunt Athalar have made a pact. As they process the events of the Spring they will keep things ... platonic ... until the Solstice. But can they resist when the crackling tension between them is enough to set the whole of Crescent City aflame? And they are not out of danger yet. Dragged into a rebel movement they want no part of, Bryce, Hunt and their friends find themselves pitted against the terrifying Asteri - whose notice they must avoid at all costs. But as they learn more about the rebel cause, they face a choice: stay silent while others are oppressed, or fight. And they've never been very good at staying silent.
526 _aFICTION
650 _aAdventure fiction.
650 _aFantasy fiction.
650 _aFairies--Fiction.
700 _aRomance fiction.
942 _2ddc
_cBK